Antarctic Territorial Claims Quiz Stats

 Plays Quiz Updated Oct 4, 2018

Score 0/7 Timer 03:00
1 Play Today
Country % Correct
Australia
86.6%
United Kingdom
84.1%
Argentina
83.3%
Chile
77.4%
New Zealand
74.9%
France
73%
Norway
52.1%

You're not logged in!

Compare scores with friends on all Sporcle quizzes.
OR
Log In

Sporcle TV

Today on Sporcle TV


Watch our educational content, quiz creation guides, and fun videos on Sporcle TV.

Show Comments

Extras

Top Quizzes Today


Score Distribution

Your Account Isn't Verified!

In order to create a playlist on Sporcle, you need to verify the email address you used during registration. Go to your Sporcle Settings to finish the process.

Report this User

Report this user for behavior that violates our Community Guidelines.

Details: